| 000 -LEADER |
| fixed length control field |
00541nam a22001937a 4500 |
| 008 - FIXED-LENGTH DATA ELEMENTS--GENERAL INFORMATION |
| fixed length control field |
151015b xxu||||| |||| 00| 0 eng d |
| 020 ## - INTERNATIONAL STANDARD BOOK NUMBER |
| International Standard Book Number |
9780073127132 |
| 020 ## - INTERNATIONAL STANDARD BOOK NUMBER |
| International Standard Book Number |
0073127132 (alk. paper) |
| 041 0# - LANGUAGE CODE |
| Language code of text/sound track or separate title |
eng |
| 080 ## - UNIVERSAL DECIMAL CLASSIFICATION NUMBER |
| Universal Decimal Classification number |
658.15 |
| 100 1# - Rafti |
| Rafti |
Penman, Stephen H. |
| 245 10 - TITLE STATEMENT |
| Title |
Financial statement analysis and security valuation / |
| Statement of responsibility, etc |
Stephen H. Penman. |
| 250 ## - |
| -- |
3rd ed. |
| 260 ## - |
| -- |
2007 |
| -- |
Boston : |
| -- |
McGraw-Hill Irwin, |
| 300 ## - |
| -- |
xxiv, 776 f. : |
| -- |
me il ; |
| -- |
27 cm. |
| 650 ## - |
| -- |
Financa |
| 650 ## - |
| -- |
Investime |
| 942 ## - ADDED ENTRY ELEMENTS (KOHA) |
| Source of classification or shelving scheme |
|
| Item type |
Books |